La Mala Digestión

Uloženo v:
Podrobná bibliografie
Hlavní autor: Cortez, Plutarco
Médium: Kniha
Jazyk:Undetermined
Vydáno: Managua, Nicaragua Decenio 1994
Témata:
Tagy: Přidat tag
Žádné tagy, Buďte první, kdo vytvoří štítek k tomuto záznamu!

MARC

LEADER 00000nam a2200000Ia 4500
008 170316s9999 xx 000 0 und d
040 |a cru BVZT 
090 |a 860 C-43.1m 
100 |a Cortez, Plutarco 
245 |a La Mala Digestión 
260 |a Managua, Nicaragua 
260 |b Decenio 
260 |c 1994 
300 |a 114 páginas 
650 |a LITERATURA LATINOAMERICANA 
650 |a NOVELA NICARAGÜENSE 
999 |c 8535  |d 8535 
942 |c 15 D  |h 860 C-43.1m  |2 z